Filmy XXI w. - nagła śmierć - Statystyki

Ogólne statystyki
  • Ten quiz został rozwiązany 52 razy
  • Średni wynik to 6 z 11
Answers on the Grid
Answers color-coded by a green-red scale on the quiz's grid according to % correct below.
Forrest Gump
Podziemny krąg
Django
Incepcja
Piękny umysł
Leon zawodowiec
Gwiezdne wojny: Część V - Imperium kontratakuje
Gwiezdne wojny: część II – Atak klonów
Władca Pierścieni: Drużyna Pierścienia
Titanic
Avengers: Koniec gry
Rain Man
Monty Python i Święty Graal
Shrek
Piraci z Karaibów: Klątwa Czarnej Perły
Harry Potter i Kamień Filozoficzny
Top Gun
Ostatni samuraj
Matrix
Epoka lodowcowa
 
Statystyki odpowiedzi
Odpowiedź % Poprawnych
Harry Potter i Kamień Filozoficzny
74%
Piraci z Karaibów: Klątwa Czarnej Perły
74%
Avengers: Koniec gry
71%
Władca Pierścieni: Drużyna Pierścienia
71%
Shrek
65%
Django
61%
Incepcja
61%
Epoka lodowcowa
58%
Gwiezdne wojny: część II – Atak klonów
42%
Ostatni samuraj
23%
Piękny umysł
23%
Nie znaleziono quizów pasujących do podanych kryteriów
Rozkład punktacji
Procent ludzi z każdym wynikiem
Percentyl według liczby udzielonych odpowiedzi
Twoja historia wyników
Nie rozwiązałeś tego quizu